عرض عادي عرض مارك
  • Singleton, D. M.

مدخل إسم شخص

عدد التسجيلات المستخدمة في: 1

001 - رقم الضبط

  • حقل الضبط: 35572

003 - معرف رقم الضبط

  • حقل الضبط: OSt

005 - تاريخ ووقت أخر عملية

  • حقل الضبط: 20130425115558.0

008 - عناصر بيانات ثابتة الطول

  • حقل تحكم ثابت الطول: 130425|||a|||||| | ||| d

040 ## - مصدر الفهرسة

  • هيئة الفهرسة الأصلية: OSt
  • وكالة الكتابة: OSt

100 ## - مدخل -- أسم شخص

  • إسم شخص: Singleton, D. M.
  • الشكل الكامل للاسم: (David Michael)

670 ## - بيانات المصدر موجوده

  • الاستشهاد بالمصدر: Work cat.: (OSt)0: Singleton, D. M. (David Michael), Exploring the second language mental lexicon /, 1999.